LA CTM: ORIGENES Y FUNCIONES DENTRO DEL SISTEMA POLITICO MEXICANO/
INCLUYE BIBLIOGRAFIA
Na minha lista:
| Autor principal: | |
|---|---|
| Formato: | Livro |
| Assuntos: | |
| Tags: |
Sem tags, seja o primeiro a adicionar uma tag!
|
MARC
| LEADER | 00000nam^a2200000^a^4500 | ||
|---|---|---|---|
| 001 | 000224452 | ||
| 005 | 20250521000000.0 | ||
| 009 | 20260310104051.932 | ||
| 035 | |a 043266 | ||
| 037 | |a Acervo Xavier Clavigero | ||
| 082 | |a 331. 880972 |b POR | ||
| 100 | |a Portillos Ceballos, Jaime Rogelio |e (autor) | ||
| 245 | 1 | 3 | |a LA CTM: |b ORIGENES Y FUNCIONES DENTRO DEL SISTEMA POLITICO MEXICANO/ |c JAIME ROGELIO PORTILLO CEBALLOS |
| 264 | |a México : |b Costa-Amic, |c 1986 | ||
| 300 | |a 109p. : |b retrs. | ||
| 336 | |a texto |b txt |2 rdacontenido | ||
| 337 | |a sin mediación |b n |2 rdamedio | ||
| 338 | |a volumen |b nc |2 rdasoporte | ||
| 520 | |a INCLUYE BIBLIOGRAFIA | ||
| 610 | |a CTM | ||
| 649 | |a XX | ||
| 650 | |a SINDICATOS - |x MEXICO - |x HISTORIA | ||
| 910 | |a Fondo General | ||
| 920 | |a Impresos - Libros | ||
| 930 | |a Colección General | ||
| 905 | |a 101 | ||
| 901 | |a 043266 |b IT1 |c ACC |i 043266 |u 20250521 | ||
| 902 | |a https://opac.biblio.iteso.mx/vufind/Record/000224452 | ||